000
00288nam a2200121Ia 4500
008
190216s9999||||xx |||||||||||||| ||und||
100
_a
Abraham S And Jacob N J
245
0
_a
Cbse Mathematics
260
_b
Vidyarthimithram
_c
1995
300
_a
410p
650
_a
Mathematics
942
_c
BK
999
_c
31194
_d
31194